000 00317nam a2200121 i 4500
001 bg
245 0 _aMetal constructions :
_bVI International Scientific and Technical Conference.
_nVol. 5.
260 _aKatowice,
_c1979.
040 _cBPK
041 _apol
942 _cKS
008 s pl f |000 0 pol
999 _c19488
_d19488
856 _uhttp://koha.tu.koszalin.pl/cgi-bin/koha/opac-detail.pl?biblionumber=19488
_yKatalog online BPK